Elizabeth and Catherine : empresses of all the Russias /

Bibliographic Details
Main Author: Coughlan, Robert, 1914-1992
Format: Book
Language:English
Published: New York : Putnam, [1974]
Subjects:

MARC

Tag First Indicator Second Indicator Subfields
LEADER 00000cam a2200000 4500
001 in00000307137
005 20151010143602.0
008 740529s1974 nyua b 00100 eng d
010 |a  73087181  
020 |a 0399112502  |c $10.00 
035 |a (OCoLC)01419571 
035 |9 ABH5557AM 
040 |a DLC  |c DLC  |d TXA  |d UtOrBLW 
043 |a e-ur--- 
049 |a TXAM  |c [1019358] 
050 0 0 |a DK161  |b .C68 
082 0 |a 947/.06/0922  |a B 
100 1 |a Coughlan, Robert,  |d 1914-1992. 
245 1 0 |a Elizabeth and Catherine :  |b empresses of all the Russias /  |c Edited by Jay Gold. 
264 1 |a New York :  |b Putnam,  |c [1974] 
300 |a 347 pages :  |b illustrations ;  |c 24 cm. 
336 |a text  |b txt  |2 rdacontent 
337 |a unmediated  |b n  |2 rdamedia 
338 |a volume  |b nc  |2 rdacarrier 
504 |a Bibliography: pages 335-336. 
600 0 0 |a Elizabeth,  |c Empress of Russia,  |d 1709-1762. 
600 0 0 |a Catherine  |b II,  |c Empress of Russia,  |d 1729-1796. 
651 0 |a Russia  |x History  |y 1689-1800. 
999 |a MARS 
999 f f |s acf47594-67c1-3363-8656-36d649284447  |i 0c799877-ffed-386e-90ed-9e11de74cca0  |t 0 
952 f f |p normal  |a Texas A&M University  |b College Station  |c Sterling C. Evans Library  |d Evans: Library Stacks  |t 0  |e DK161 .C68  |h Library of Congress classification  |i unmediated -- volume  |m A14802000524 
998 f f |a DK161 .C68  |t 0  |l Evans: Library Stacks